000 00946nas a2200289 4500
001 BR0502264
003 BR-BrBNA
005 20231205105351.0
007 ta
008 230509b bl.|||p| |||| 00| 00por d
040 _aBR-BrBNA
_bpor
_cBiblioteca Nacional de Agricultura
041 _a(Pt)
072 _aH10
100 1 _aWanderley, P.A.
100 1 _aWanderley, M.J.A.
100 1 _aMedeiros, M.B. de
100 1 _aVeiga, A.F. de S.L. da
245 1 _aMecanismos de ação de himenópteros parasitóides sobre Megastes spp. (Lepidoptera: Pyralidae)em agroecossistema de batata-doce (Ipomoea batatas L.)
650 _aBATATA DOCE
650 _aIPOMOEA BATATAS
650 _aLAGARTA
650 _aINSETO PARA CONTROLE BIOLÓGICO
650 _aPARAÍBA
773 0 _tCiência Rural (Brazil)
_xISSN 0103-8478
_g(Jul-Aug 2004), v. 34(4) p. 1243-1244
_wBR0502264
909 _a202311
_bLúcia
_c55
_dLúcia Elande
942 _2AGRIS
_n0
_cANA
999 _c182582
_d182582